| 000 | 00785nam a2200253Ia 4500 | ||
|---|---|---|---|
| 001 | dia_314 | ||
| 003 | CHAP | ||
| 005 | 20221213115742.0 | ||
| 008 | 220117s1993 xx 000 0 und d | ||
| 010 | _a170867 | ||
| 020 | _a968-811-302-6 | ||
| 040 | _cCHAP | ||
| 082 | _a637.12 M4 | ||
| 110 |
_aMéxico. Secretaría de Salud. Dirección de Control Sanitario de Bienes y Servicios _9148126 |
||
| 245 |
_aPasteurización de la leche : controles y exámenes / _c por Secretaría de Salud |
||
| 260 |
_aMéxico : _b Secretaría de Salud, _c1993 |
||
| 300 | _a294 p. | ||
| 410 | _aCURSO No. 302 | ||
| 650 |
_aLeche _xPasteurización _9148127 |
||
| 901 | _a637.12 M4 | ||
| 902 | _aM | ||
| 905 | _a0000001993 mx A 0000000000spa00 | ||
| 942 |
_cLIBRO _2ddc |
||
| 999 |
_c170867 _d170867 |
||